000 00625nam a2200241Ia 4500
003 OSt
005 20221005073257.0
006 a|||||r|||| 00| 0
007 ta
008 221004b |||||||| |||| 00| 0 urd d
024 _a5438
037 _cTextual
040 _aCRL
_cCRL
_burd
041 _2urd
_aurd
082 _aO168,4xN3, N6
100 _aMehdi Sughra Au.
245 0 _aBazm e yaran
260 _aNew Delhi
_bHar Anand Publications India
_c1996
300 _a235p.
_ccm.
650 _aURDU LETTERS
942 _hO168,4xN3, N6
_cTEXL
_2cc
999 _c980894
_d980894